00394nam a2200145Ia 4500008004100000020001500041041000800056082001600064100004100080245003100121250000600152260004200158300001300200650003500213210716s1996 xx 000 0 und d a8120321774 aeng a006.42 ANDP aAndleigh, Prabhat k; Thakrar, Kiran. aMultimedia systems design. a1 aNew DelhibPHI Learning Pvt Ltdc1996 axvii,654 aGraphics ProgramMultimedia Sys